Statistics for KTaNE - Centurion Modules

Click here to take the quiz!

General Stats

  • This quiz has been taken 41 times
  • The average score is 83 of 109

Answer Stats

Module Name% Correct
3D Maze
93%
Anagrams
93%
Bitwise Operations
93%
Password
93%
Word Scramble
93%
Complicated Buttons
89%
Complicated Wires
89%
Forget Me Not
89%
Keypad
89%
Round Keypad
89%
Souvenir
89%
The Button
89%
Who's On First
89%
Wires
89%
Colored Squares
86%
Morse Code
86%
Plumbing
86%
Simon Says
86%
Simon Screams
86%
Turn The Key
86%
Turn The Keys
86%
Wire Sequence
86%
Adventure Game
82%
Alphabet
82%
Colour Flash
82%
Ice Cream
82%
Laundry
82%
Maze
82%
Morsematics
82%
Simon States
82%
Two Bits
82%
Yahtzee
82%
Zoo
82%
Adjacent Letters
79%
Astrology
79%
FizzBuzz
79%
Follow The Leader
79%
LED Encryption
79%
Memory
79%
Minesweeper
79%
Piano Keys
79%
Skewed Slots
79%
Switches
79%
The Bulb
79%
The Clock
79%
Third Base
79%
Battleship
75%
Chord Qualities
75%
Emoji Math
75%
Hexamaze
75%
Monsplode, Fight!
75%
Morse Code Translated
75%
Mouse in the Maze
75%
Murder
75%
Only Connect
75%
Resistors
75%
Rubik's Cube
75%
Sea Shells
75%
Semaphore
75%
Silly Slots
75%
Square Button
75%
Word Search
75%
Big Button Translated
71%
Bitmaps
71%
Blind Alley
71%
Boolean Venn Diagram
71%
Caesar Cipher
71%
Color Math
71%
Crazy Talk
71%
Cryptography
71%
English Test
71%
Fast Math
71%
Friendship
71%
Neutralization
71%
Number Pad
71%
Orientation Cube
71%
Passwords Translated
71%
Perspective Pegs
71%
Symbolic Password
71%
The Gamepad
71%
The Screw
71%
Tic Tac Toe
71%
Who's On First Translated
71%
Wire Placement
71%
Binary LEDs
68%
Broken Buttons
68%
Cheap Checkout
68%
Chess
68%
Connection Check
68%
Coordinates
68%
Creation
68%
Listening
68%
Logic
68%
Microcontroller
68%
Probing
68%
Rhythms
68%
Web Design
68%
Double-Oh
64%
Light Cycle
64%
Modules Against Humanity
64%
Mystic Square
64%
Shape Shift
64%
Text Field
64%
Foreign Exchange Rates
61%
Rock-Paper-Scissors-L.-Sp.
61%
Safety Safe
61%
Combination Lock
57%
Point Of Order
57%
Letter Keys
46%

Score Distribution

Percentile by Number Answered

Percent of People with Each Score

Your Score History

You have not taken this quiz